000 00609nam a2200217Ia 4500
005 20250508165013.0
008 008 250505s9999 xx 000 0 eng d
020 _a81-7992-591-9
037 _aTextBook
040 _aFEDL
_beng
_cFEDL
041 _aeng
_2eng
084 _a370.1, LAL/R
_qFEDL
100 _aLal Raman Behari
_9779676
245 0 _aEducation in the emerging Indian society
260 _aMeerut, India
_bR Lall Book Depot
_c2008
300 _a446p.
365 _aINR
_b160
700 _a Malhotra Neeru
_9779677
942 _cTB
_h370.1, LAL/R
999 _c1392594
_d1392594